Design of Reinforced Concrete Structure (Record no. 5535)

MARC details
000 -LEADER
fixed length control field 00334nam a2200133Ia 4500
008 - FIXED-LENGTH DATA ELEMENTS--GENERAL INFORMATION
fixed length control field 191201s2011 xx 000 0 und d
100 ## - MAIN ENTRY--PERSONAL NAME
Personal name DAYARATNAM, P
245 #0 - TITLE STATEMENT
Title Design of Reinforced Concrete Structure
250 ## - EDITION STATEMENT
Edition statement Rep
260 ## - PUBLICATION, DISTRIBUTION, ETC. (IMPRINT)
Place of publication, distribution, etc N. Delhi
Name of publisher, distributor, etc Oxford and IBH pub
Date of publication, distribution, etc 2011
300 ## - PHYSICAL DESCRIPTION
Extent 805
650 ## - SUBJECT ADDED ENTRY--TOPICAL TERM
Topical term or geographic name as entry element B.Tech(CE)
942 ## - ADDED ENTRY ELEMENTS (KOHA)
Source of classification or shelving scheme Dewey Decimal Classification
Koha item type Text Books
Holdings
Withdrawn status Lost status Source of classification or shelving scheme Damaged status Not for loan Collection code Home library Current library Date acquired Source of acquisition Cost, normal purchase price Bill Number Total Checkouts Full call number Acc. no. / Barcode Date last seen Date last borrowed Bill Date Koha item type
    Dewey Decimal Classification     B.Tech(CE) PIET C-LIBRARY PIET C-LIBRARY 03/10/2012 IBH, New Delhi 575.00 9982 3 624.1834 DAD 21279 06/11/2025 27/10/2025 31/08/2012 Text Books
    Dewey Decimal Classification     B.Tech(CE) PIET C-LIBRARY PIET C-LIBRARY 03/10/2012 IBH, New Delhi 575.00 9982   624.1834 DAD 21280 04/12/2019   31/08/2012 Text Books
    Dewey Decimal Classification     B.Tech(CE) PIET C-LIBRARY PIET C-LIBRARY 03/10/2012 IBH, New Delhi 575.00 9982   624.1834 DAD 21281 04/12/2019   31/08/2012 Text Books
    Dewey Decimal Classification     B.Tech(CE) PIET C-LIBRARY PIET C-LIBRARY 03/10/2012 IBH, New Delhi 575.00 9982 2 624.1834 DAD 21282 10/10/2024 09/10/2024 31/08/2012 Text Books
    Dewey Decimal Classification     B.Tech(CE) PIET C-LIBRARY PIET C-LIBRARY 03/10/2012 IBH, New Delhi 575.00 9982 5 624.1834 DAD 21283 17/01/2023 04/01/2023 31/08/2012 Text Books

Design & Developed by: PIET Central Library
R70 Miles Stone Pattikalyana Samalkha Panipat 132102
mail ID :- [email protected], Phone No:- 0180-2569700 Ex.216